Traduction en Espagnol - Thème Business & Marketing - Statistiques

Statistiques générales
  • Ce quiz a été pris 10 fois
  • Le résultat moyen est 24 sur 219
Statistiques - réponses
Français Espagnol % Correct
Action Acción
89%
Addition Adición
56%
Agence Agencia
56%
Gestion Gestión
56%
Importation Importación
44%
Agence publicitaire Agencia publicitaria
33%
Audience Audiencia
33%
Banque Banco
33%
Chèque Cheque
33%
Clic Clic
33%
Client Cliente
33%
Commission Comisión
33%
Communication Comunicación
33%
Crédit Crédito
33%
Diffusion Difusión
33%
Division División
33%
Document Documento
33%
Économie Economía
33%
Équipe Equipo
33%
Estimation Estimación
33%
Expérience Experiencia
33%
Exportation Exportación
33%
Facture Factura
33%
Facturation Facturación
33%
Formule (maths) Fórmula
33%
Fusion (entreprises) Fusión
33%
Garantie Garantía
33%
Graphique Gráfico
33%
Impôt Impuesto
33%
Inflation Inflación
33%
Innovation Innovación
33%
Marque Marca
33%
Marketing digital Marketing digital
33%
Marché Mercado
33%
Marketing Mercadotecnia / Marketing
33%
Analyse Análisis
22%
Annonce Anuncio
22%
Bénéfice Beneficio
22%
Campagne Campaña
22%
Capital Capital
22%
Clientèle Clientela
22%
Collaboration Colaboración
22%
Contrat Contrato
22%
Coût Costo
22%
Compte bancaire Cuenta bancaria
22%
Demande Demanda
22%
Développement Desarrollo
22%
Directeur général Director general
22%
En expansion En expansión
22%
En progression En progresión
22%
Étude de marché Estudio de mercado
22%
Date limite Fecha de entrega / Fecha límite / Vencimiento
22%
Fluctuation Fluctuación
22%
Fonds Fondo
22%
Indicateur Indicador
22%
Intérêt Interés
22%
Négociation Negociación
22%
Opportunité Oportunidad
22%
Politique Política
22%
Promotion Promoción
22%
Protocole Protocolo
22%
Publicité Publicidad
22%
Carte bancaire Tarjeta bancaria
22%
Carte de crédit Tarjeta de crédito
22%
Carte de visite Tarjeta de Visita
22%
Augmentation Aumento
11%
Banque en ligne Banco en línea
11%
Bandeau publicitaire Banner publicitario
11%
Campagne publicitaire Campaña publicitaria
11%
Canal de distribution Canal de distribución
11%
Comptabilité Contabilidad
11%
Contenu Contenido
11%
Création de contenu Creación de contenido
11%
Croissance Crecimiento
11%
Compte courant Cuenta corriente
11%
Déficit Déficit
11%
Dette Deuda
11%
Dividendes Dividendos
11%
Équation Ecuación
11%
Enquête Encuesta
11%
En régression En regresión
11%
Influenceur Influenciador
11%
Lancement de campagne Lanzamiento de campaña
11%
Logo Logotipo
11%
Mandat Mandato
11%
Marché financier Mercado financiero
11%
Monnaie Moneda
11%
Affaire Negocio / Trato
11%
Bureau Oficina
11%
Congé Permiso / Vacaciones
11%
Délai de livraison Plazo de entrega / Tiempo de entrega
11%
Positionnement Posicionamiento
11%
Prêt Préstamo
11%
Produit Producto
11%
Prospect Prospecto
11%
Fournisseur Proveedor
11%
Point de vente Punto de venta
11%
Secteur Sector
11%
Segmentation Segmentación
11%
Service Servicio
11%
Syndicat Sindicato
11%
Subvention Subvención
11%
Frais Tarifas / Gastos
11%
Techniques de vente Técnicas de venta
11%
Télétravail Teletrabajo
11%
Actionnaire Accionista
0%
Épargne Ahorros
0%
Analyse des données Análisis de datos
0%
Analyse financière Análisis financiero
0%
Annonceur Anunciante
0%
Argument de vente Argumento de venta
0%
Assemblée générale Asamblea general
0%
Montée Ascenso
0%
Partenariat Asociación
0%
Audit Auditoría
0%
Placement publicitaire Colocación publicitaria
0%
E-commerce Comercio electrónico
0%
Concurrence Competencia
0%
Consultant Consultor
0%
Coût de revient Costo de producción
0%
Coût par clic (CPC) Costo por clic (CPC)
0%
Crédit immobilier Crédito hipotecario
0%
Critères de sélection Criterios de selección
0%
Compte joint Cuenta conjunta
0%
Compte épargne Cuenta de ahorros
0%
Part de marché Cuota de mercado
0%
Ralentissement Desaceleración
0%
Réduction / Promo Descuento
0%
Diagramme Diagrama
0%
Écart Diferencia
0%
Baisse Disminución
0%
Cadre Ejecutivo / Directivo
0%
Poussée / pic Empuje / Pico
0%
En hausse En aumento
0%
En déclin En declive
0%
Slogan Eslogan
0%
Statistiques Estadísticas
0%
Stagnation Estancamiento
0%
Stratégie Estrategia
0%
Dossier Expediente / Archivo
0%
Expérience utilisateur Experiencia del usuario
0%
Relevé bancaire Extracto bancario
0%
Chiffre d'affaires Facturación
0%
Fidélisation Fidelización
0%
Fonds d’investissement Fondo de inversión
0%
Gain Ganancia
0%
Dépenses Gastos
0%
Diagramme circulaire Gráfico circular
0%
Diagramme en barres Gráfico de barras
0%
Compétences Habilidades
0%
Histogramme Histograma
0%
Montant Importe
0%
Hausse Incremento
0%
Indice boursier Índice bursátil
0%
Rapport Informe / Reporte
0%
Revenu Ingreso
0%
Investissement Inversión
0%
Légère diminution Ligera disminución
0%
Légère augmentation Ligero aumento
0%
Liquidité Liquidez
0%
Appel d'offres Llamado a licitación
0%
Marges Márgenes
0%
Média Medio
0%
Médias sociaux Medios sociales
0%
Message publicitaire Mensaje publicitario
0%
Bon de commande Orden de compra
0%
Organigramme Organigrama
0%
Versement Pago
0%
Capitaux propres Patrimonio
0%
Sponsor Patrocinador
0%
Plan marketing Plan de marketing
0%
Plan média Plan de medios
0%
Pourcentage Porcentaje
0%
Prêt à taux fixe Préstamo a tasa fija
0%
Prêt à taux variable Préstamo a tasa variable
0%
Budget Presupuesto
0%
Prévisions Previsiones
0%
Projections Proyecciones
0%
Affichage Publicidad exterior / Valla publicitaria
0%
Poste (emploi) Puesto
0%
Enchère Puja
0%
Ressources humaines Recursos humanos
0%
Diminution Reducción
0%
Remboursement Reembolso
0%
Règlementation Regulación
0%
Relation client Relación con el cliente
0%
Performance Rendimiento
0%
Profitabilité Rentabilidad
0%
Représentant Representante
0%
Résultat net Resultado neto
0%
Retrait Retiro
0%
Retour sur investissement Retorno de inversión
0%
Salaire Salario
0%
Solde (compte) Saldo
0%
Solde créditeur Saldo acreedor
0%
Solde débiteur Saldo deudor
0%
Ciblage Segmentación / Categorización
0%
Partenaire Socio
0%
Somme Suma
0%
Soustraction Sustracción
0%
Taux Tasa
0%
Taux de clic (CTR) Tasa de clics
0%
Taux de conversion Tasa de conversión
0%
Taux de croissance Tasa de crecimiento
0%
Taux de réussite Tasa de éxito
0%
Taux d'intérêt Tasa de interés
0%
Tendances à la baisse Tendencias a la baja
0%
Tendances à la hausse Tendencias al alza
0%
Trésorerie Tesorería
0%
Taux de change Tipo de cambio
0%
Virement Transferencia
0%
Évaluation Valoración
0%
Valeur ajoutée Valor agregado
0%
Variation Variación
0%
Vente Venta
0%
Avantage compétitif Ventaja competitiva
0%
Viabilité Viabilidad
0%
Volatilité Volatilidad
0%
Volume de vente Volumen de ventas
0%
Aucun quiz correspondant
Distribution des résultats
% des personnes avec chaque résultat
Percentile par nombre de réponses
Votre historique - résultats
Vous n’avez pas pris ce quiz